000 00559nam a2200205Ia 4500
008 241004s9999 xx 000 0 und d
020 _a9789383221448
037 _aTextbook
040 _aARTS
_beng
_cARTS
041 _aeng
_2eng
084 _aQ4 R2
_qARTS
100 _aNiharika Ed.
_9724749
245 _aBuddhism: heritage and hermitage
_cNiharika Ed.
260 _aIndia
_bDelhi Sharada Publishing House
_c2022
300 _axx,269p.
365 _aINR
_b5400
650 _aBuddhism
942 _cTB
_hQ4 R2
999 _c1218912
_d1218912